000 00459nam a22001697a 4500
999 _c61408
_d61408
005 20240307120650.0
008 240307s2011 ru ||||| |||| 00| 0 rus d
020 _a9789664890936
041 _arus
080 _a821.161.1(477)-1 Б-91
100 _aБураго, Д.
_921362
245 _aКиевский сбор /
_cД. Бураго.
264 _aКиев,
_c2011.
300 _a126 с.
_b20 см.
653 _aლექსები
942 _2udc
_cBK